Sofia Coppola Movies - Statistics

General Stats
  • This quiz has been taken 49 times
  • The average score is 6 of 8
Answer Stats
Release Year Answer % Correct
2006 Marie Antoinette
97%
1999 The Virgin Suicide
94%
2023 Priscilla
89%
2003 Lost in Translation
80%
2013 The Bling Ring
80%
2017 The Beguiled
63%
2010 Somewhere
51%
2020 On the Rocks
43%
No matching quizzes found
Score Distribution
Percent of People with Each Score
Percentile by Number Answered
Your Score History
You have not taken this quiz